000 01074nam a22003737a 4500
001 5706313
003 LIBRIS
005 20210426114304.0
008 011211s1987 xxu 000 0 eng c
020 _a0806510684 (inb.)
020 _a0806510579 (hft.)
040 _aR
_beng
_cDLC
041 _aeng
080 _a94
_bH-32
082 0 4 _a920.02
_222 (machine generated)
083 0 _a900
_222 (machine generated)
084 _aLs
_2kssb/6
084 _aK
_2kssb/6
100 1 _aHart, Michael H.
245 0 4 _aThe 100 :
_ba ranking of the most influential persons in history /
_c/ by: Citadel Press
260 _aSecaucus, N.J.
_bCitadel Press
_c1987
300 _a572 p.
_bill.
365 _b19.95 usd
650 4 _aBiografier
650 0 _aHistory
_9252
650 4 _aHistoria
653 _aისტორია
740 4 _aThe One hundred
740 2 _aA ranking of the most influential persons in history
942 _2udc
_cBK
999 _c1207
_d1207